| 000 | 00460nam a2200169Ia 4500 | ||
|---|---|---|---|
| 008 | 130318s9999 xx 000 0 und d | ||
| 020 | _a9788126508372 | ||
| 082 | _a005.18 VAH/E;6 | ||
| 100 | _aVahid, Frank | ||
| 245 | _aEmbedded system design: A unified hardware/software introduction | ||
| 250 | _a3 | ||
| 260 |
_bWiley _aNew Delhi _c2002 |
||
| 300 | _a324 | ||
| 650 | _aEMBEDDED SYSTEM | ||
| 650 | _aHARDWARE/SOFTWARE INTERFACE | ||
| 700 | _aGivargis,Tony | ||
| 999 |
_c1896 _d1896 |
||